Statistics for F1 Winners: Portuguese Grand Prix

Click here to take the quiz!

General Stats

  • This quiz has been taken 37 times
    (16 since last reset)
  • The average score is 11 of 17

Answer Stats

SeasonTrackWinner% Correct
2020PortimãoLewis Hamilton
100%
1992EstorilNigel Mansell
73%
1996EstorilJacques Villeneuve
73%
1984EstorilAlain Prost
73%
1986EstorilNigel Mansell
73%
1987EstorilAlain Prost
73%
1988EstorilAlain Prost
73%
1990EstorilNigel Mansell
73%
1995EstorilDavid Coulthard
64%
1993EstorilMichael Schumacher
64%
1994EstorilDamon Hill
55%
1958BoavistaStirling Moss
55%
1985EstorilNelson Piquet
55%
1959MonsantoStirling Moss
55%
1989EstorilGerhard Berger
55%
1991EstorilRiccardo Patrese
36%
1960BoavistaJack Brabham
36%

Score Distribution

Percentile by Number Answered

Percent of People with Each Score

Your Score History

You have not taken this quiz since the last reset